LEADER 00719nam a2200205 i 4500 001 000000166205 003 CaOOAMICUS 005 20071107000000.0 008 071107s1968 it u000 u ita u 013 $a143573 040 $aSeMil$bita 100 1 $aTecchi, Bonaventura,$d<1896-1968>.$0(OLS)http://semarc/name/21134 245 10$aAntica terra /$cBonaventura Tecchi. 260 $aMilano :$bBompiani,$ccopyr. 1968. 300 $a176 p. ;$c21 cm. 850 $aSeMil 852 $aSeMil$W1$xVenegono$y1$m1B III 243$j240604$B117376$CSeMilBibl$Z2$F128102 $81 961 $aRecupero: Altro 996 $6245$aAntica terra$9(OLS)http://semarc/title/237401 996 $6260$aMilano :$bBompiani$9(OLS)http://semarc/publisher/29706 LEADER 00920nam a2200193 i 4500 001 000000091448 003 CaOOAMICUS 005 20160209000000.0 008 160209s1737 it u000 u ita u 013 $a63690 026 $a,eO, o.o- i.er Sata (3) 1737 (R) 040 $aSeMil$bita 245 10$aTomo 1. 300 $a[8], 371, [1] p. 500 $aSegn. : pg4 A-Y8 Z10. 773 0 $aBernardus : Claraevallensis $tStoria cronologica di S. Bernardo abate di Chiaravalle ... in cui si rapportano le virtł .. ed i fatti pił grandiosi .. Autenticata colle lettere del medesimo Santo fedelmente volgarizzate. Scritta dal padre abate d. Gasparo Antonio Petrina.$dIn Torino : Appresso Gio: Francesco Insegna di S. Teresa di Gesł, 1737.$g1$w()7049 850 $aSeMil 852 $aSeMil$W1$xVenegono$y1$m3H V 67 FA$j54397$B54397$CSeMilBibl$Z2$F59049 $8I 996 $6245$aTomo 1$9(OLS)http://semarc/title/46685